guess the famous people - Statistics

General Stats
  • This quiz has been taken 38 times
    20 since last reset
  • The average score is 12 of 16
Answer Stats
Picture Answer % Correct
donald trump
100%
queen elizabeth
92%
abraham lincoln
85%
cristiano ronaldo
85%
michael jackson
85%
rowan atkinson
85%
bruce lee
77%
david beckham
77%
elon musk
77%
freddie mercury
69%
kylian mbappe
69%
snoop dogg
69%
lebron james
62%
lionel messi
54%
steven spielberg
54%
james stewart
31%
No matching quizzes found
Score Distribution
Percent of People with Each Score
Percentile by Number Answered
Your Score History
You have not taken this quiz since the last reset